Tree-houses : small spaces in nature /

Bibliographic Details
Main Author: Wenning, Andreas, 1965-
Format: Book
Language:English
Published: Berlin : DOM Publishers, [2015]
Subjects:

MARC

Tag First Indicator Second Indicator Subfields
LEADER 00000cam a2200000 i 4500
001 in00003531920
005 20170928132752.0
008 150209s2015 gw 000 0 eng d
020 |a 386922410X 
020 |a 9783869224107 
035 |a (OCoLC)ocn903080708 
040 |a YDXCP  |c YDXCP  |d BDX  |d BWK  |d UtOrBLW 
049 |a TXAM 
090 |a TH4885  |b .W46 2015 
100 1 |a Wenning, Andreas,  |d 1965-  |0 http://id.loc.gov/authorities/names/no2010055365 
245 1 0 |a Tree-houses :  |b small spaces in nature /  |c Andreas Wenning. 
246 3 0 |a Treehouses 
264 1 |a Berlin :  |b DOM Publishers,  |c [2015] 
264 4 |c ©2015 
300 |a 303 pages :  |b illustrations (chiefly color) :  |c 29 cm. 
336 |a text  |b txt  |2 rdacontent 
337 |a unmediated  |b n  |2 rdamedia 
650 0 |a Tree houses  |v Pictorial works. 
945 |a PromptCat  |b 282063 
946 |a stk 
947 |a A14842893258 
948 |a cataloged  |b h  |c 2015/8/13  |d c  |e dmitchel  |f 3:10:20 pm 
994 |a C0  |b TXA 
999 f f |s ded40e73-d3d0-3a0c-a998-bf0b62dda73b  |i 3e320071-04c8-366f-aef9-45aa7939f771  |t 0 
952 f f |p normal  |a Texas A&M University  |b College Station  |c Sterling C. Evans Library  |d Evans: Library Stacks  |t 0  |e TH4885 .W46 2015  |h Library of Congress classification  |i unspecified -- unspecified  |m A14842893258 
998 f f |a TH4885 .W46 2015  |t 0  |l Evans: Library Stacks